000 01742cad a22002415a 4500
001 E144642
008 080801s2008 xxka f 000 0 eng d
035 _a(Sirsi) u144642
041 0 _aeng
050 0 4 _a634.92 $2 18
110 2 _aForestry Commission Scotland
_95586
245 0 0 _aNational Forest Land Scheme
260 _aEdinburgh
_bForestry Commission Scotland
_c2008
505 2 _aNational forest land scheme: community acquisition; land for woodland crofts; land for affordable housing; sponsored sale of surplus land -- Community acquisition: before you apply; valuation; the application; the application process; publication and consultation; what evidence is needed; making the decision; appeals; examining the criteria -- Land for woodland crofts: crofting; principles; the role of the Crofters Commission; before you apply; valuation; procedures; criteria; housing and woodland crofts; affordable housing; linking the house with the land -- Land for affordable housing: valuation; use of timber in construction; the application; explaining the criteria -- Sponsored sale of surplus land: acquisition by community bodies; purchase by other organisations -- Contacts
520 _aNational Forest land is land which is held by Scottish Ministers on behalf of the nation, and managed by Forestry Commission Scotland. This guide explains how such land can be acquired or leased by local communities.
521 _aIntroductory
590 _aKA
650 2 4 _aNATIONAL FOREST LAND SCHEME
651 4 _aScotland
_y1999-
690 _aENVIRONMENTAL AND LAND CONSULTANCY-FORESTRY AND WOODLAND MANAGEMENT
856 4 0 _uhttps://www.forestry.gov.uk/nfls
_zView the guidance free of charge at www.forestry.gov.uk...
942 _n0
999 _c108572
_d108572